ბათუმის შოთა რუსთაველის სახელმწიფო უნივერსიტეტის ბიბლიოთეკა

ქართული პოეზია. 15 ტომად:ტ.13.გალაქტიონ ტაბიძე:ლექსები (ბიბ.ჩანაწერი № 43738)

000 -LEADER
fixed length control field 00991nam a2200217Ia 4500
001 - CONTROL NUMBER
control field 10483
003 - CONTROL NUMBER IDENTIFIER
control field GE_BSU
008 - FIXED-LENGTH DATA ELEMENTS--GENERAL INFORMATION
fixed length control field 181216s||||||||xx |||||||||||||| ||und||
040 ## - CATALOGING SOURCE
Transcribing agency GE_BSU
080 ## - UNIVERSAL DECIMAL CLASSIFICATION NUMBER
Universal Decimal Classification number 821.353.1–1
100 ## - MAIN ENTRY--PERSONAL NAME
Personal name ტაბიძე,გალაქტიონ
245 ## - TITLE STATEMENT
Title ქართული პოეზია. 15 ტომად:ტ.13.გალაქტიონ ტაბიძე:ლექსები
245 ## - TITLE STATEMENT
Statement of responsibility, etc. სარედ.კოლ.გრიგოლ აბაშიძე.ან.კალანდაძე.მ.ლებანიძე და სხვ.ტომი შეადგინა არჩილ სულაკაურმა.მხატვ.დ.დუნდუა.რედ.აკ.ბრეგაძე
260 ## - PUBLICATION, DISTRIBUTION, ETC.
Place of publication, distribution, etc. თბილისი
260 ## - PUBLICATION, DISTRIBUTION, ETC.
Name of publisher, distributor, etc. ნაკადული
260 ## - PUBLICATION, DISTRIBUTION, ETC.
Date of publication, distribution, etc. 1982
300 ## - PHYSICAL DESCRIPTION
Extent 541გვ.18სმ.
653 ## - INDEX TERM--UNCONTROLLED
Uncontrolled term ლექსები
653 ## - INDEX TERM--UNCONTROLLED
Uncontrolled term ქართული პოეზია
942 ## - ADDED ENTRY ELEMENTS (KOHA)
Koha item type წიგნი
ეგზემპლარები
Withdrawn status Lost status Damaged status Not for loan Date acquired Barcode Date last seen Price effective from Koha item type
        2018-12-17 34153 2018-12-17 2018-12-17 წიგნი
        2018-12-17 34154 2018-12-17 2018-12-17 წიგნი
        2018-12-17 34155 2018-12-17 2018-12-17 წიგნი
        2018-12-17 34156 2018-12-17 2018-12-17 წიგნი